Methods of modern education: (Record no. 102402)
[ view plain ]
| 000 -LEADER | |
|---|---|
| fixed length control field | 01006nam a22002417a 4500 |
| 005 - DATE AND TIME OF LATEST TRANSACTION | |
| control field | 20170512115436.0 |
| 010 ## - LCCN (DPL NO) | |
| LC control number | 1617EN ENG-117584 |
| 020 ## - INTERNATIONAL STANDARD BOOK NUMBER | |
| International Standard Book Number | 9788185708287 |
| Terms of availability | 1250.00 |
| 035 ## - SYSTEM CONTROL NUMBER | |
| System control number | EN-101116 |
| 035 ## - SYSTEM CONTROL NUMBER | |
| System control number | B-647538-544 |
| 035 ## - SYSTEM CONTROL NUMBER | |
| System control number | B-666088 |
| 037 ## - SOURCE OF ACQUISITION | |
| Source of stock number/acquisition | Verieti |
| 037 ## - SOURCE OF ACQUISITION | |
| Source of stock number/acquisition | DBAD/PUB |
| 082 ## - DEWEY DECIMAL CLASSIFICATION NUMBER | |
| Classification number | 371.33 |
| 100 ## - MAIN ENTRY--PERSONAL NAME | |
| Personal name | Reddy, G.Vidya Sagar |
| 245 ## - TITLE STATEMENT | |
| Title | Methods of modern education: |
| Statement of responsibility, etc | by G. Vidya Sagar Reddy |
| Remainder of title | changing perspective / |
| 260 ## - PUBLICATION, DISTRIBUTION, ETC. (IMPRINT) | |
| Place of publication, distribution, etc | Delhi |
| Name of publisher, distributor, etc | SBW Pub |
| Date of publication, distribution, etc | 2015 |
| 270 ## - ADDRESS | |
| Address | 4831/24, Prahlad Gali, Ansari road, Darya Ganj |
| City | Delhi |
| Postal code | 110002 |
| 300 ## - PHYSICAL DESCRIPTION | |
| Extent | 328p. |
| Other physical details | 25cm(HB) |
| 942 ## - ADDED ENTRY ELEMENTS (KOHA) | |
| Source of classification or shelving scheme | Dewey Decimal Classification |
| Item type | English Books |
| Classification part | 371.33 |
| Call number suffix | RED |
| Withdrawn status | Lost status | Not for loan | Collection code | Home library | Current library | Date acquired | Source of acquisition | Cost, normal purchase price | Full call number | Barcode | Copy number | Cost, replacement price | Koha item type |
|---|---|---|---|---|---|---|---|---|---|---|---|---|---|
| Non-fiction | Ashok Vihar | Ashok Vihar | 12/05/2017 | BPPD/EN/2016-17/AV/16-17/474/15.2.2017/1428/7.3.2017/ 10.3.2017 | 1250.00 | 371.33 RED | B-666088 | 1 | 1250.00 | English Books | |||
| Not For Loan | Non-fiction | D.B.Act.Division | Bawana | 27/03/2017 | DBAD//PUB | 1250.00 | 371.33 RED | EN-101116 | 1 | 1250.00 | English Books | ||
| Non-fiction | Bawana | Bawana | 27/03/2017 | BPPD/EN/2016-17/308/24.11.2016/IN1369/5.12.2016/2.1.201 | 1250.00 | 371.33 RED | B-647543 | 1 | 1250.00 | English Books | |||
| Non-fiction | Central Library | Central Library | 27/03/2017 | BPPD/EN/2016-17/308/24.11.2016/IN1369/5.12.2016/2.1.201 | 1250.00 | 371.33 RED | B-647538 | 1 | 1250.00 | English Books | |||
| Non-fiction | Janak Puri | Janak Puri | 27/03/2017 | BPPD/EN/2016-17/308/24.11.2016/IN1369/5.12.2016/2.1.201 | 1250.00 | 371.33 RED | B-647542 | 1 | 1250.00 | English Books | |||
| Non-fiction | Kasturba Gandhi Marg | Kasturba Gandhi Marg | 27/03/2017 | BPPD/EN/2016-17/308/24.11.2016/IN1369/5.12.2016/2.1.201 | 1250.00 | 371.33 RED | B-647541 | 1 | 1250.00 | English Books | |||
| Non-fiction | New Police Line | New Police Line | 27/03/2017 | BPPD/EN/2016-17/308/24.11.2016/IN1369/5.12.2016/2.1.201 | 1250.00 | 371.33 RED | B-647539 | 1 | 1250.00 | English Books | |||
| Non-fiction | Patel Nagar | Patel Nagar | 27/03/2017 | BPPD/EN/2016-17/308/24.11.2016/IN1369/5.12.2016/2.1.201 | 1250.00 | 371.33 RED | B-647540 | 1 | 1250.00 | English Books | |||
| Non-fiction | Shahdara Branch | Shahdara Branch | 27/03/2017 | BPPD/EN/2016-17/308/24.11.2016/IN1369/5.12.2016/2.1.201 | 1250.00 | 371.33 RED | B-647544 | 1 | 1250.00 | English Books |
